| 000 | 01019cam a2200265 i 4500 | ||
|---|---|---|---|
| 003 | SA-RiAUC | ||
| 005 | 20250519091820.0 | ||
| 008 | 250515s1983 su g 000rp ara c | ||
| 040 |
_aSA-EnSBSSC _bara _cSA-RiAUC _erda |
||
| 082 | 0 | 4 |
_a811.9531 _qSA-RiAUC |
| 090 |
_a811.9531 _b ع ب د ر |
||
| 100 | 1 |
_aعبد الرحمن، أسامة، _d1362-1435 هجري _eمؤلف. |
|
| 245 | 1 | 0 |
_aشمعة ظمأى : _bشعر / _cأسامة عبد الرحمن. |
| 250 | _aالطبعة الأولى. | ||
| 264 | 1 |
_aجدة، السعودية : _bتهامة، _c1983 |
|
| 300 |
_a150 صفحة ؛ _c24 سم. |
||
| 336 |
_aنص _btxt _2rdacontent _3كتاب |
||
| 337 |
_aبدون وسيط _bn _2rdamedia |
||
| 338 |
_aمجلد _bnc _2rdacarrier |
||
| 490 | 1 |
_aالكتاب العربي السعودي ؛ _v82 |
|
| 650 | 7 |
_aالشعر العربي _zالسعودية _yقرن 14 هجري _2aucsh |
|
| 830 | 2 |
_aالكتاب العربي السعودي _v82 |
|
| 942 |
_2ddc _cBOOK _n0 |
||
| 949 |
_aSA-JeALM _d250515 _umohamedma123 _n1 |
||
| 999 |
_c8087 _d8087 |
||